[Event "Amantea op-B 8th"]
[Site "Amantea"]
[Date "2010.08.30"]
[Round "2"]
[White "Violi, Vincenzo"]
[Black "De Rasis, Giovanni"]
[Result "1/2-1/2"]
[WhiteElo "1725"]
[BlackElo "1866"]
[PlyCount "35"]
[EventDate "2010.08.29"]
[EventType "swiss"]
[EventRounds "9"]
[EventCountry "ITA"]
[SourceTitle "CBM 138 Extra"]
[Source "ChessBase"]
[SourceDate "2010.10.29"]
[SourceVersion "1"]
[SourceVersionDate "2010.10.29"]
[SourceQuality "1"]

1. e4 Nf6 2. e5 Nd5 3. d4 d6 4. exd6 exd6 5. c4 Nf6 6. Nf3 Be7 7. Bd3 0-0 8. 0-0 Nbd7 9. Nbd2 Re8 10. b3 Nf8 11. Bb2 Ng6 12. Re1 Nf4 13. Bf1 Bf5 14. Nb1 Qd7 15. Qd2 N6h5 16. Nc3 Bg4 17. Re3 Bf6 18. Rae1 1/2-1/2

[Event "Amantea op-B 7th"]
[Site "Amantea"]
[Date "2009.09.02"]
[Round "3"]
[White "De Rasis, Giovanni"]
[Black "Vacchiano, Salvatore"]
[Result "1-0"]
[WhiteElo "1873"]
[BlackElo "1539"]
[PlyCount "61"]
[EventDate "2009.08.31"]
[EventType "swiss"]
[EventRounds "8"]
[EventCountry "ITA"]
[SourceTitle "CBM 132 Extra"]
[Source "ChessBase"]
[SourceDate "2009.11.03"]
[SourceVersion "1"]
[SourceVersionDate "2009.11.03"]
[SourceQuality "1"]

1. d4 Nf6 2. c4 g6 3. Nc3 Bg7 4. e4 d6 5. Be2 0-0 6. f4 c5 7. d5 e6 8. Nf3 exd5 9. cxd5 a6 10. e5 dxe5 11. fxe5 Ng4 12. Bg5 Qb6 13. 0-0 c4+ 14. Kh1 Nf2+ 15. Rxf2 Qxf2 16. Ne4 Qb6 17. Be7 Re8 18. Nd6 Rxe7 19. Nxc8 Qd8 20. Nxe7+ Qxe7 21. Qd4 b5 22. a4 bxa4 23. d6 Qd7 24. Bxc4 Nc6 25. Qd5 Re8 26. Re1 Nb4 27. Qxf7+ Qxf7 28. Bxf7+ Kxf7 29. e6+ Kf8 30. d7 Bxb2 31. e7+ 1-0

[Event "Amantea op-B 7th"]
[Site "Amantea"]
[Date "2009.08.31"]
[Round "1"]
[White "De Rasis, Giovanni"]
[Black "Zampaglione, Davide"]
[Result "1/2-1/2"]
[WhiteElo "1873"]
[BlackElo "1620"]
[PlyCount "45"]
[EventDate "2009.08.31"]
[EventType "swiss"]
[EventRounds "8"]
[EventCountry "ITA"]
[SourceTitle "CBM 132 Extra"]
[Source "ChessBase"]
[SourceDate "2009.11.03"]
[SourceVersion "1"]
[SourceVersionDate "2009.11.03"]
[SourceQuality "1"]

1. d4 Nf6 2. Nf3 d5 3. c4 e6 4. Bg5 h6 5. Bxf6 Qxf6 6. Nc3 c6 7. e3 Bb4 8. Qb3 Bxc3+ 9. Qxc3 0-0 10. Bd3 Nd7 11. 0-0 Re8 12. Rfe1 dxc4 13. Bxc4 e5 14. Bb3 e4 15. Nd2 Nb6 16. Bc2 Bf5 17. Rac1 Qg6 18. Nf1 Be6 19. f3 f5 20. f4 a5 21. a3 Nd5 22. Qd2 Kh8 23. Qf2 1/2-1/2

[Event "Calabria Region-ch"]
[Site "Amantea"]
[Date "2009.06.02"]
[Round "6"]
[White "Caputo, Francesco"]
[Black "De Rasis, Giovanni"]
[Result "1-0"]
[WhiteElo "1584"]
[BlackElo "1873"]
[PlyCount "59"]
[EventDate "2009.05.30"]
[EventType "swiss"]
[EventRounds "6"]
[EventCountry "ITA"]
[SourceTitle "EXT 2011"]
[Source "ChessBase"]
[SourceDate "2010.11.26"]
[SourceVersion "1"]
[SourceVersionDate "2010.11.26"]
[SourceQuality "1"]

1. e4 d5 2. exd5 Nf6 3. Nf3 c6 4. dxc6 e5 5. cxb7 Bxb7 6. Bb5+ Bc6 7. Qe2 Bd6 8. Nxe5 0-0 9. Nxc6 Nxc6 10. Bxc6 Qc7 11. Qf3 Rac8 12. Ba4 Qc4 13. Bb3 Rfe8+ 14. Kd1 Qa6 15. d3 Rc7 16. Bd2 Qc8 17. h3 Rc5 18. g4 h5 19. Rg1 Rce5 20. Nc3 hxg4 21. hxg4 R5e7 22. g5 Nd7 23. g6 Ne5 24. Qh5 Nxg6 25. Qxg6 Be5 26. Rh1 Bh2 27. Rxh2 Re1+ 28. Bxe1 Rxe1+ 29. Kxe1 Qe8+ 30. Kd2 1-0

[Event "Cutro op-B 14th"]
[Site "Cutro"]
[Date "2008.04.30"]
[Round "6"]
[White "Frontera, Domenico"]
[Black "De Rasis, Giovanni"]
[Result "0-1"]
[WhiteElo "1659"]
[BlackElo "1743"]
[PlyCount "75"]
[EventDate "2008.04.25"]
[EventType "swiss"]
[EventRounds "7"]
[EventCountry "ITA"]
[SourceTitle "EXT 2009"]
[Source "ChessBase"]
[SourceDate "2008.11.26"]
[SourceVersion "1"]
[SourceVersionDate "2008.11.26"]
[SourceQuality "1"]

1. e4 c6 2. d4 d5 3. exd5 cxd5 4. Bd3 Nf6 5. Nf3 Bg4 6. Bf4 Nc6 7. c3 e6 8. Nbd2 Bd6 9. Bxd6 Qxd6 10. 0-0 Rc8 11. Re1 0-0 12. Qb1 h6 13. Ne5 a6 14. Nxg4 Nxg4 15. Nf3 b5 16. h3 Nf6 17. a3 Na5 18. Ne5 Nb3 19. Ra2 Nd2 20. Qc2 Nde4 21. Qe2 Qb6 22. f3 Ng3 23. Qf2 Nf5 24. Bxf5 exf5 25. Nd3 Qd6 26. Re5 g6 27. Qh4 Kh7 28. Ra1 g5 29. Qf2 g4 30. fxg4 fxg4 31. Qf5+ Kh8 32. Rf1 Ne4 33. Rxd5 Qc6 34. Qe5+ f6 35. Qxe4 Rce8 36. Qf5 gxh3 37. Qh5 f5 38. Rdxf5 0-1

[Event "Cutro op-B 13th"]
[Site "Cutro"]
[Date "2007.04.29"]
[Round "7"]
[White "De Rasis, Giovanni"]
[Black "Di Mauro, Sebastiano"]
[Result "1-0"]
[WhiteElo "1560"]
[BlackElo "1813"]
[PlyCount "121"]
[EventDate "2007.04.23"]
[EventType "swiss"]
[EventRounds "9"]
[EventCountry "ITA"]
[SourceTitle "EXT 2008"]
[Source "ChessBase"]
[SourceDate "2007.11.25"]
[SourceVersion "1"]
[SourceVersionDate "2007.11.25"]
[SourceQuality "1"]

1. d4 Nf6 2. c4 c5 3. d5 e6 4. Nc3 exd5 5. cxd5 d6 6. e4 g6 7. Be2 Bg7 8. f4 0-0 9. Nf3 Re8 10. e5 dxe5 11. fxe5 Ng4 12. Bg5 Qa5 13. 0-0 Nxe5 14. Nxe5 Bxe5 15. Bc4 Bxc3 16. bxc3 Qxc3 17. Rxf7 Kxf7 18. Qf1+ Bf5 19. d6+ Kg7 20. Rd1 Nd7 21. g4 Be6 22. Bb5 Rf8 23. Qe2 Qe5 24. Be3 a6 25. Bxd7 Bxd7 26. Bh6+ Kf6 27. Bg7+ Kxg7 28. Qxe5+ Kg8 29. Rf1 Rxf1+ 30. Kxf1 Rf8+ 31. Kg1 Rf7 32. h3 Bc6 33. Qxc5 Kg7 34. a4 h6 35. Qd4+ Kh7 36. h4 Rd7 37. g5 Rg7 38. Qf4 h5 39. a5 Rd7 40. Qf8 Be4 41. Kf2 Bf5 42. Ke3 Rg7 43. Kd4 Rd7 44. Ke5 Rg7 45. Kf6 Rd7 46. Qe7+ Kg8 47. Qe8+ Kh7 48. Qxd7+ Bxd7 49. Ke7 Bc6 50. d7 Bxd7 51. Kxd7 Kg7 52. Kc7 Kf7 53. Kxb7 Ke6 54. Kxa6 Kf5 55. Kb6 Kg4 56. a6 Kxh4 57. a7 Kxg5 58. a8Q Kf5 59. Qf3+ Kg5 60. Qg3+ Kf5 61. Qh4 1-0

[Event "Praia op 1st"]
[Site "Praia a Mare"]
[Date "2007.04.07"]
[Round "5"]
[White "De Rasis, Giovanni"]
[Black "Familari, Giuseppe"]
[Result "1/2-1/2"]
[WhiteElo "1560"]
[BlackElo "1717"]
[PlyCount "110"]
[EventDate "2007.04.05"]
[EventType "swiss"]
[EventRounds "5"]
[EventCountry "ITA"]
[SourceTitle "EXT 2023"]
[Source "ChessBase"]
[SourceDate "2022.10.05"]
[SourceVersion "1"]
[SourceVersionDate "2022.10.05"]
[SourceQuality "1"]

1. d4 g6 2. c4 Bg7 3. Nc3 d6 4. e4 Nd7 5. f4 e6 6. Nf3 Ne7 7. Be2 b6 8. 0-0 Bb7 9. Be3 Nf6 10. Qd3 0-0 11. Rae1 a6 12. h3 d5 13. cxd5 exd5 14. e5 Ne4 15. Ng5 Ng3 16. Rf2 h6 17. Nf3 Nef5 18. Bd1 Ne4 19. Rc2 Nfg3 20. Bf2 Nxf2 21. Rxf2 Ne4 22. Rfe2 a5 23. Rc2 Qd7 24. Nd2 Ba6 25. Qe3 Nxd2 26. Rxd2 Rfe8 27. Nxd5 Rad8 28. Nc3 Bf8 29. a3 Bc5 30. Ne4 Qxd4 31. Nf6+ Kf8 32. Qxd4 Rxd4 33. Rxd4 Bxd4+ 34. Kh2 Rd8 35. Bb3 Bxb2 36. Nd5 Bxa3 37. Nxc7 Bc8 38. Nb5 Bb4 39. Rc1 Be6 40. Bxe6 fxe6 41. Rc6 Bc5 42. Rxe6 Kf7 43. Rf6+ Kg7 44. Nc7 Rd7 45. Ne6+ Kh7 46. Nxc5 bxc5 47. Ra6 Rc7 48. Rxa5 c4 49. Ra1 Kg7 50. Kg3 Kf7 51. Rc1 c3 52. Rc2 Ke6 53. Kf3 g5 54. g3 gxf4 55. gxf4 Kf5 1/2-1/2

[Event "Calabria Province-ch"]
[Site "Catanzaro"]
[Date "2006.06.04"]
[Round "6"]
[White "Paragliola, Gennaro"]
[Black "De Rasis, Giovanni"]
[Result "0-1"]
[WhiteElo "1529"]
[BlackElo "1476"]
[PlyCount "68"]
[EventDate "2006.06.02"]
[EventType "swiss"]
[EventRounds "6"]
[EventCountry "ITA"]
[SourceTitle "EXT 2024"]
[Source "ChessBase"]
[SourceDate "2023.10.10"]
[SourceVersion "1"]
[SourceVersionDate "2023.10.10"]
[SourceQuality "1"]

1. d4 d5 2. c4 e6 3. Nc3 Nf6 4. Bg5 Nbd7 5. e3 Be7 6. Nf3 0-0 7. Bd3 dxc4 8. Bxc4 c6 9. Qc2 b5 10. Bd3 h6 11. Bh4 Qa5 12. 0-0 Bb7 13. Rfc1 Rac8 14. Qe2 a6 15. Rc2 c5 16. dxc5 Nxc5 17. h3 b4 18. Nd1 Rfd8 19. Bc4 b3 20. Rcc1 Bxf3 21. Qxf3 Nd3 22. Rc3 Rxc4 23. Rxc4 Qe1+ 24. Kh2 Ne5 25. Qf4 Nxc4 26. Qxc4 Rxd1 27. Qc8+ Kh7 28. Rxd1 Qxd1 29. a4 Bd6+ 30. f4 g5 31. Bg3 Ne4 32. Qd7 Kg7 33. Qb7 Nd2 34. Qxa6 Nf1+ 0-1

[Event "Calabria Province-ch"]
[Site "Catanzaro"]
[Date "2006.06.03"]
[Round "4"]
[White "De Rasis, Giovanni"]
[Black "Prete, Ugo"]
[Result "1-0"]
[WhiteElo "1476"]
[BlackElo "1413"]
[PlyCount "49"]
[EventDate "2006.06.02"]
[EventType "swiss"]
[EventRounds "6"]
[EventCountry "ITA"]
[SourceTitle "EXT 2024"]
[Source "ChessBase"]
[SourceDate "2023.10.10"]
[SourceVersion "1"]
[SourceVersionDate "2023.10.10"]
[SourceQuality "1"]

1. d4 Nf6 2. c4 d6 3. Nc3 g6 4. e4 Bg7 5. Be2 0-0 6. f4 Nfd7 7. Nf3 e5 8. 0-0 Nc6 9. Be3 exd4 10. Nxd4 Ne7 11. Qd2 Nf6 12. f5 Bd7 13. Bh6 Nc6 14. Bxg7 Kxg7 15. Rf4 Ne5 16. Raf1 Rc8 17. fxg6 fxg6 18. Nd5 Nfg4 19. h3 Rxf4 20. Nxf4 Qh4 21. hxg4 Nxg4 22. Nfe6+ Kg8 23. Qf4 Bxe6 24. Nxe6 h5 25. Qf7+ 1-0

[Event "Cutro op-B 12th"]
[Site "Cutro"]
[Date "2006.04.29"]
[Round "7"]
[White "Catapano, Francesco"]
[Black "De Rasis, Giovanni"]
[Result "1/2-1/2"]
[WhiteElo "1784"]
[BlackElo "1476"]
[PlyCount "55"]
[EventDate "2006.04.23"]
[EventType "swiss"]
[EventRounds "9"]
[EventCountry "ITA"]
[SourceTitle "EXT 2007"]
[Source "ChessBase"]
[SourceDate "2006.11.23"]
[SourceVersion "1"]
[SourceVersionDate "2006.11.23"]
[SourceQuality "1"]

1. Nf3 d5 2. g3 c5 3. Bg2 Nc6 4. 0-0 Nf6 5. d3 e5 6. Nbd2 Be7 7. Re1 Bg4 8. c3 Qc7 9. Qc2 h5 10. e4 h4 11. exd5 hxg3 12. fxg3 Nxd5 13. Nxe5 Nxe5 14. Bxd5 0-0-0 15. c4 Bg5 16. d4 cxd4 17. Qb3 Be3+ 18. Rxe3 dxe3 19. Qxe3 Rhe8 20. Qxa7 Nc6 21. Qa8+ Kd7 22. Qa3 Re1+ 23. Kf2 Re2+ 24. Kg1 Qb6+ 25. c5 Qb5 26. Bc4 Qxc4 27. Nxc4 Re1+ 28. Kf2 1/2-1/2

[Event "Cutro op-B 12th"]
[Site "Cutro"]
[Date "2006.04.27"]
[Round "5"]
[White "De Rasis, Giovanni"]
[Black "De Marco, Francesco"]
[Result "0-1"]
[WhiteElo "1476"]
[BlackElo "1881"]
[PlyCount "42"]
[EventDate "2006.04.23"]
[EventType "swiss"]
[EventRounds "9"]
[EventCountry "ITA"]
[SourceTitle "EXT 2007"]
[Source "ChessBase"]
[SourceDate "2006.11.23"]
[SourceVersion "1"]
[SourceVersionDate "2006.11.23"]
[SourceQuality "1"]

1. d4 Nf6 2. c4 e6 3. Nc3 d5 4. Bg5 Be7 5. Nf3 c6 6. Qc2 h6 7. Bxf6 Bxf6 8. e4 dxe4 9. Qxe4 Qa5 10. Bd3 Na6 11. Rd1 Qb6 12. 0-0 Qxb2 13. Nd5 cxd5 14. cxd5 Qxa2 15. Rfe1 Kf8 16. d6 Qd5 17. Qxd5 exd5 18. Bb5 Be6 19. Ra1 g6 20. Rxe6 fxe6 21. d7 Ke7 0-1

[Event "Cutro op-B 12th"]
[Site "Cutro"]
[Date "2006.04.24"]
[Round "2"]
[White "Alo, Lucio"]
[Black "De Rasis, Giovanni"]
[Result "0-1"]
[WhiteElo "1628"]
[BlackElo "1476"]
[PlyCount "94"]
[EventDate "2006.04.23"]
[EventType "swiss"]
[EventRounds "9"]
[EventCountry "ITA"]
[SourceTitle "EXT 2007"]
[Source "ChessBase"]
[SourceDate "2006.11.23"]
[SourceVersion "1"]
[SourceVersionDate "2006.11.23"]
[SourceQuality "1"]

1. Nf3 c6 2. d4 d5 3. Bf4 Nf6 4. Nc3 e6 5. e3 Bb4 6. Bd3 0-0 7. 0-0 Bxc3 8. bxc3 Nbd7 9. c4 dxc4 10. Bxc4 Nb6 11. Bb3 Nbd5 12. Bg5 h6 13. Bh4 Qa5 14. Qd3 Nb4 15. Qe2 Ne4 16. a3 Nd5 17. Bxd5 exd5 18. Be7 Re8 19. Bb4 Qc7 20. Ne5 a5 21. Be1 f6 22. Nd3 b6 23. Qh5 Qf7 24. Qh4 Bf5 25. Nb2 Nd6 26. Qf4 Qe6 27. c3 Re7 28. Na4 g5 29. Qf3 Bg4 30. Qg3 Ne4 31. Qxg4 Qxg4 32. f3 Qe6 33. fxe4 dxe4 34. Rb1 f5 35. Rxb6 f4 36. Bd2 fxe3 37. Bxe3 Rf8 38. Rd1 Qc4 39. Nc5 Qe2 40. Rdb1 Qxe3+ 41. Kh1 Qf4 42. R6b2 e3 43. Nd3 Qf5 44. Ne5 Rxe5 45. dxe5 e2 46. h3 Qxb1+ 47. Rxb1 Rf1+ 0-1